Statistical statements relating to the co-operative movement in India, 1956-58 (Record no. 503634)

000 -LEADER
fixed length control field 00349cam a22001097a 4500
008 - FIXED-LENGTH DATA ELEMENTS--GENERAL INFORMATION
fixed length control field 180718b1958 xxu||||| |||| 00| 0 eng d
082 ## - DEWEY DECIMAL CLASSIFICATION NUMBER
Classification number T16065x54 N213/1956
100 ## - MAIN ENTRY--PERSONAL NAME
Personal name Reserve Bank of India
245 ## - TITLE STATEMENT
Title Statistical statements relating to the co-operative movement in India, 1956-58
260 ## - PUBLICATION, DISTRIBUTION, ETC.
Place of publication, distribution, etc. Bombay
Name of publisher, distributor, etc. Reserve Bank of India
Date of publication, distribution, etc. 1958
300 ## - PHYSICAL DESCRIPTION
Extent --
Holdings
Withdrawn status Lost status Damaged status Not for loan Permanent Location Current Location Date acquired Full call number Barcode Date last seen Price effective from Koha item type
        Indian Institute of Public Administration Indian Institute of Public Administration 2018-08-04 T16065x54 N213/1956 GG32244 2018-08-04 2018-08-04 GG

Powered by Koha